三國志14 統率トップ - Statistics

General Stats
  • This quiz has been taken 13 times
  • The average score is 26 of 41
Answer Stats
能力値 武将 所属勢力 % Correct
99 司馬懿
100%
98 曹操
100%
97 周瑜
100%
96 関羽
100%
96 陸遜
100%
94 孫堅
100%
93 諸葛亮
100%
95 張遼
90%
95 呂布 群雄
90%
93 孫策
90%
91 趙雲
90%
90 馬超
90%
85 董卓 群雄
90%
94 鄧艾
80%
87 黄忠
80%
86 顔良 袁紹
80%
86 張飛
80%
85 文醜 袁紹
80%
91 姜維
70%
91 陸抗
70%
89 夏侯惇
70%
88 徐晃
70%
87 甘寧
70%
86 太史慈
70%
90 曹仁
60%
89 張郃
60%
85 程普
60%
88 高順 呂布
50%
90 皇甫嵩 後漢
40%
89 張角 群雄
40%
86 賈詡
40%
85 徐庶
40%
85 張任 劉璋
40%
86 杜預
30%
90 羊祜
20%
87 郭淮
20%
86 盧植 後漢
20%
88 曹真
10%
87 郝昭
10%
86 徐盛
10%
92 夏侯淵
0%
No matching quizzes found
Score Distribution
Percent of People with Each Score
Percentile by Number Answered
Your Score History
You have not taken this quiz